000
00332nam a22001337a 4500
999
_c
521632
_d
521632
008
230217b ||||| |||| 00| 0 eng d
100
_a
Singh, Raja
_9
37346
245
_a
Architecture for health and well-being
260
_a
Yojana
300
_a
Dec, 2022: p.47-49
773
_a
Yojana
906
_a
ARCHITECTURE
942
_c
AR